000 00987nam a22003011 4500
001 11427
003 BD-RjUL
005 20211208235126.0
008 140126s1964 enkaf b 001 0 eng
035 _a11476
035 _a(OCoLC)02187377
035 _aGLIS00356160
040 _aDLC/ICU
_cCGU
_dm.c.
_dBD-RjUL
_beng
041 _aeng
082 _a621.36
_bTAO 1964
090 _aQC482
_b.T289
099 _aQC482.T289
100 1 _aTaylor, C. A.
_d1922-2002.
_935323
245 1 0 _aOptical transforms :
_btheir preparation and application to X-ray diffraction problems /
_cby C.A. Taylor and H. Lipson.
260 _aIthaca, N.Y. :
_bCornell University Press,
_c1964.
300 _ax, 182 p. :
_billus., 54 plates. ;
_c23 cm.
504 _aIncludes index and bibliography.
650 0 _aDiffraction.
_935324
650 0 _aOptical instruments
_xDesign and construction.
_935325
700 1 _aLipson, H.
_q(Henry),
_d1910-
_935289
942 _2ddc
_cBK
999 _c11427
_d11427